01575nam a2200289 a 450000100100000000500170001000800410002704000250006808200290009311000330012224000260015524500860018126000630026730000310033050000230036150000240038459000270040865100630043565100560049891000370055495201420059195201420073395201330087595201270100895201330113599900170126800004480420201002045636.0140610s2013 dr c 001 0 spa d aDO-SdBNPbspacBNPHU a342.729302bR426co, 20131 aRepública Dominicana.944710aConstitución (2010)10aConstitución de la República Dominicana :bproclamada el 26 de enero de 2010. aSanto Domingo :bTribunal ConstitucionalbTele - 3,c2013. a177 p. :bretrs. ;c23 cm. aEdición especial aLibro de tapa dura. aInventariado, 2018/ YL 4aRepública DominicanaxConstitución (2010{Rpara}935654 4aRepública DominicanazDerecho Constitucional9449 aValidado. Control de calidad MFF 001054708DSaGRbGRcHDd2015-01-12iLF1l0o342.729302 R426co, 2013p44804-30r2020-06-25te. 3w2020-06-25yLFDSZPréstamo en sala 001054708DSaGRbGRcHDd2017-10-12iLF1l0o342.729302 R426co, 2013p44804-40r2020-06-25te. 4w2020-06-25yLFDSZPréstamo en sala 0010718DSaGRbGRcHDd2018-05-11iLF1l0o342.729302 R426co, 2013p44804-50r2020-06-25te. 5w2020-06-25yLFDSZNo se presta 0010718PDaPDbPDcHDd2015-01-12iLF1l0o342.729302 R426co, 2013p44804-10r2020-06-25w2020-06-25yLFPDZNo se presta 0010718PDaPDbPDcHDd2015-01-12iLF1l0o342.729302 R426co, 2013p44804-20r2020-06-25te. 2w2020-06-25yLFPDZNo se presta c44293d44293